Engineering Mathematics II : Mathematics for Computer and Information Science (Record no. 38032)

MARC details
000 -LEADER
fixed length control field 00391nam a22001577a 4500
082 ## - DEWEY DECIMAL CLASSIFICATION NUMBER
Classification number 510 TON
100 ## - MAIN ENTRY--AUTHOR NAME
Personal name Tonny K B
100 ## - MAIN ENTRY--AUTHOR NAME
Personal name Shikhi M
245 ## - TITLE STATEMENT
Title Engineering Mathematics II : Mathematics for Computer and Information Science
250 ## - EDITION STATEMENT
Edition statement 1
260 ## - PUBLICATION, DISTRIBUTION, ETC. (IMPRINT)
Name of publisher Owl Books
Place of publication Trivandrum
Year of publication 2024
546 ## - LANGUAGE NOTE
Language note English
650 ## - SUBJECT ADDED ENTRY--TOPICAL TERM
Topical Term APS
942 ## - ADDED ENTRY ELEMENTS (KOHA)
Koha item type Text Book
952 ## - LOCATION AND ITEM INFORMATION (KOHA)
Damaged status
Not for loan
952 ## - LOCATION AND ITEM INFORMATION (KOHA)
Damaged status
Not for loan
952 ## - LOCATION AND ITEM INFORMATION (KOHA)
Damaged status
Not for loan
952 ## - LOCATION AND ITEM INFORMATION (KOHA)
Damaged status
Not for loan
952 ## - LOCATION AND ITEM INFORMATION (KOHA)
Damaged status
Not for loan
952 ## - LOCATION AND ITEM INFORMATION (KOHA)
Damaged status
Not for loan
952 ## - LOCATION AND ITEM INFORMATION (KOHA)
Damaged status
Not for loan
952 ## - LOCATION AND ITEM INFORMATION (KOHA)
Damaged status
Not for loan
952 ## - LOCATION AND ITEM INFORMATION (KOHA)
Damaged status
Not for loan
952 ## - LOCATION AND ITEM INFORMATION (KOHA)
Damaged status
Not for loan
952 ## - LOCATION AND ITEM INFORMATION (KOHA)
Damaged status
Not for loan
952 ## - LOCATION AND ITEM INFORMATION (KOHA)
Damaged status
Not for loan
952 ## - LOCATION AND ITEM INFORMATION (KOHA)
Damaged status
Not for loan
952 ## - LOCATION AND ITEM INFORMATION (KOHA)
Damaged status
Not for loan
952 ## - LOCATION AND ITEM INFORMATION (KOHA)
Damaged status
Not for loan
952 ## - LOCATION AND ITEM INFORMATION (KOHA)
Damaged status
Not for loan
952 ## - LOCATION AND ITEM INFORMATION (KOHA)
Damaged status
Not for loan
952 ## - LOCATION AND ITEM INFORMATION (KOHA)
Damaged status
Not for loan
952 ## - LOCATION AND ITEM INFORMATION (KOHA)
Damaged status
Not for loan
952 ## - LOCATION AND ITEM INFORMATION (KOHA)
Damaged status
Not for loan
Holdings
Withdrawn status Collection code Permanent Location Current Location Shelving location Date acquired Source of acquisition Cost, normal purchase price Inventory number Full call number Accession Number Price effective from Koha item type
  MATHEMATICS VAST Central Library VAST Central Library S-138/AS 18/11/2025 Calicut Books 300.00 17740 510 TON 38060 21/11/2025 Text Book
  MATHEMATICS VAST Central Library VAST Central Library S-138/AS 18/11/2025 Calicut Books 300.00 17740 510 TON 38061 21/11/2025 Text Book
  MATHEMATICS VAST Central Library VAST Central Library S-138/AS 18/11/2025 Calicut Books 300.00 17740 510 TON 38062 21/11/2025 Text Book
  MATHEMATICS VAST Central Library VAST Central Library S-138/AS 18/11/2025 Calicut Books 300.00 17740 510 TON 38063 21/11/2025 Text Book
  MATHEMATICS VAST Central Library VAST Central Library S-138/AS 18/11/2025 Calicut Books 300.00 17740 510 TON 38064 21/11/2025 Text Book
  MATHEMATICS VAST Central Library VAST Central Library S-138/AS 18/11/2025 Calicut Books 300.00 17740 510 TON 38065 21/11/2025 Text Book
  MATHEMATICS VAST Central Library VAST Central Library S-138/AS 18/11/2025 Calicut Books 300.00 17740 510 TON 38066 21/11/2025 Text Book
  MATHEMATICS VAST Central Library VAST Central Library S-138/AS 18/11/2025 Calicut Books 300.00 17740 510 TON 38067 21/11/2025 Text Book
  MATHEMATICS VAST Central Library VAST Central Library S-138/AS 18/11/2025 Calicut Books 300.00 17740 510 TON 38068 21/11/2025 Text Book
  MATHEMATICS VAST Central Library VAST Central Library S-138/AS 18/11/2025 Calicut Books 300.00 17740 510 TON 38069 21/11/2025 Text Book
  MATHEMATICS VAST Central Library VAST Central Library S-138/AS 18/11/2025 Calicut Books 300.00 17740 510 TON 38070 21/11/2025 Text Book
  MATHEMATICS VAST Central Library VAST Central Library S-138/AS 18/11/2025 Calicut Books 300.00 17740 510 TON 38071 21/11/2025 Text Book
  MATHEMATICS VAST Central Library VAST Central Library S-138/AS 18/11/2025 Calicut Books 300.00 17740 510 TON 38072 21/11/2025 Text Book
  MATHEMATICS VAST Central Library VAST Central Library S-138/AS 18/11/2025 Calicut Books 300.00 17740 510 TON 38073 21/11/2025 Text Book
  MATHEMATICS VAST Central Library VAST Central Library S-138/AS 18/11/2025 Calicut Books 300.00 17740 510 TON 38074 21/11/2025 Text Book
  MATHEMATICS VAST Central Library VAST Central Library S-138/AS 18/11/2025 Calicut Books 300.00 17740 510 TON 38075 21/11/2025 Text Book
  MATHEMATICS VAST Central Library VAST Central Library S-138/AS 18/11/2025 Calicut Books 300.00 17740 510 TON 38076 21/11/2025 Text Book
  MATHEMATICS VAST Central Library VAST Central Library S-138/AS 18/11/2025 Calicut Books 300.00 17740 510 TON 38077 21/11/2025 Text Book
  MATHEMATICS VAST Central Library VAST Central Library S-138/AS 18/11/2025 Calicut Books 300.00 17740 510 TON 38078 21/11/2025 Text Book
  MATHEMATICS VAST Central Library VAST Central Library S-138/AS 18/11/2025 Calicut Books 300.00 17740 510 TON 38079 21/11/2025 Text Book